| 000 | 00657nam a2200217 u 4500 | ||
|---|---|---|---|
| 005 | 20210223131318.0 | ||
| 008 | 100617s2008 cl r 000 0 spa d | ||
| 020 | _a9972895114 | ||
| 035 | _aUPN01000176629 | ||
| 049 | _aCG | ||
| 050 | 4 |
_aPA4415 S9 _bE3.4a |
|
| 100 | 0 |
_aSófocles, _d496-406 a.C. _930767 |
|
| 245 | 1 | 0 |
_aEdipo Rey / _cSófocles ; tr. de Ciro Alegría Varona. |
| 260 |
_aBogotá : _bNorma, _c2008. |
||
| 300 | _a97 p. | ||
| 440 | 0 | _aCara y cruz | |
| 501 | _aPublicado con: Sófocles : Vida y obra.-- Bogotá : Norma, 2008 | ||
| 650 | 4 |
_aEDIPO (MITOLOGIA GRIEGA) - _vDRAMA _917100 |
|
| 740 | 0 | _aSófocles : vida y obra | |
| 905 | _aLibro | ||
| 999 |
_c148732 _d148732 |
||